| 000 | 00923cam a2200301 a 4500 | ||
|---|---|---|---|
| 999 |
_c44936 _d44936 |
||
| 001 | 16124726 | ||
| 005 | 20181214114530.0 | ||
| 008 | 100308s2011 enka b 001 0 eng | ||
| 010 | _a 2010007722 | ||
| 020 | _a9781848720527 | ||
| 020 | _a1848720521 | ||
| 020 | _a9781848720572 | ||
| 020 | _a1848720572 | ||
| 040 |
_aDLC _cDLC _dDLC |
||
| 042 | _apcc | ||
| 100 | 1 |
_aMusic, Graham, _d1957- |
|
| 245 | 1 | 0 |
_aNurturing natures : _battachment and children's emotional, sociocultural, and brain development / _cGraham Music. |
| 260 |
_aHove, East Sussex ; _aNew York : _bPsychology Press, _cc2011. |
||
| 300 |
_axvi, 314 p. : _bill. ; _c25 cm. |
||
| 336 | _atext | ||
| 337 | _aunmediated | ||
| 338 | _avolume | ||
| 504 | _aIncludes bibliographical references and indexes. | ||
| 650 | 0 | _aEmotions in children. | |
| 650 | 0 | _aAttachment behavior in children. | |
| 650 | 0 | _aNature and nurture. | |
| 942 |
_2lcc _cBK |
||